00960nam a2200265 i 4500001000300000003000400003005001700007008003900024015001800063020001500081040001400096041000800110080001200118080001200130100004200142245010700184260004500291300002800336504001400364655003000378650001400408710006300422856011100485856009800596bgBPK20191220100345.0000919s2000 pl a f f |000 0 pol aPB 2000/17422 a8388283170 aWA NcBPK0 apol a339.138 a(075.8)1 aMichalski, Eugeniuszd(1939- )eAutor10aMarketing :bkoncepcje, strategie, decyzje.nT. 1 /cEugeniusz Michalski ; Politechnika Koszalińska. aKoszalin :bWydaw. Uczelniane PK,c2000. a446 s. :bil. ;c24 cm. aBibliogr. 4aPodręczniki akademickie 4aMarketing2 aPolitechnika Koszalińska.bWydawnictwo Uczelniane.4pbl. uhttp://dlibra.tu.koszalin.pl/dlibra/docmetadata?id=257&from=&dirids=1&ver_id=&lp=2&QI=yBiblioteka Cyfrowa uhttp://koha.tu.koszalin.pl/cgi-bin/koha/opac-detail.pl?biblionumber=37272yKatalog online BPK